[Event "Chioggia op-B 05th"]
[Site "Chioggia"]
[Date "2010.10.10"]
[Round "4"]
[White "Boscolo, Giampaolo"]
[Black "Filippi, Simone"]
[Result "0-1"]
[WhiteElo "1688"]
[BlackElo "1717"]
[PlyCount "68"]
[EventDate "2010.10.08"]
[EventType "swiss"]
[EventRounds "5"]
[EventCountry "ITA"]
[SourceTitle "EXT 2022"]
[Source "ChessBase"]
[SourceDate "2021.10.06"]
[SourceVersion "1"]
[SourceVersionDate "2021.10.06"]
[SourceQuality "1"]

1. e4 c5 2. Nc3 d6 3. Bc4 Nf6 4. d3 a6 5. a4 Nc6 6. h3 g6 7. Nf3 Bg7 8. 0-0 0-0 9. Nh2 e6 10. Bg5 h6 11. Be3 Nd4 12. Ne2 Nxe2+ 13. Qxe2 d5 14. Bb3 Qc7 15. exd5 Nxd5 16. Rab1 Bd7 17. Qd2 Nxe3 18. fxe3 Bc6 19. Ng4 Rad8 20. e4 h5 21. Nf2 Qe5 22. Qe2 Kh7 23. Qe1 Qg5 24. Qd1 Qg3 25. c3 Bh6 26. Qc2 Bf4 27. Nh1 Be3+ 28. Nf2 Bf4 29. Nh1 Qh2+ 30. Kf2 Bxe4 31. dxe4 Rd2+ 32. Qxd2 Bxd2 33. Ke2 Qxg2+ 34. Rf2 Qxe4+ 0-1

[Event "Chioggia op-A 03rd"]
[Site "Chioggia"]
[Date "2008.10.11"]
[Round "3"]
[White "Boscolo Meneguolo, Federico"]
[Black "Boscolo, Giampaolo"]
[Result "1-0"]
[WhiteElo "1952"]
[BlackElo "1724"]
[PlyCount "45"]
[EventDate "2008.10.10"]
[EventType "swiss"]
[EventRounds "5"]
[EventCountry "ITA"]
[SourceTitle "EXT 2022"]
[Source "ChessBase"]
[SourceDate "2021.10.06"]
[SourceVersion "1"]
[SourceVersionDate "2021.10.06"]
[SourceQuality "1"]

1. f4 Nf6 2. Nf3 d6 3. d3 b6 4. e4 Bb7 5. Be2 Nc6 6. 0-0 h6 7. Qe1 e5 8. fxe5 Nxe5 9. Nbd2 Be7 10. Nxe5 dxe5 11. Qg3 0-0 12. Nf3 Kh7 13. Nxe5 Qd4+ 14. Kh1 Bd6 15. Nf3 Qc5 16. Qf2 Qxc2 17. Nd4 Qc5 18. Be3 Qe5 19. Nf3 Qe6 20. Qh4 Be7 21. Ng5+ Kg8 22. Nxe6 fxe6 23. Qg3 1-0

[Event "Chioggia op-A 03rd"]
[Site "Chioggia"]
[Date "2008.10.11"]
[Round "2"]
[White "Litrico, Paolo"]
[Black "Boscolo, Giampaolo"]
[Result "1-0"]
[WhiteElo "1913"]
[BlackElo "1724"]
[PlyCount "71"]
[EventDate "2008.10.10"]
[EventType "swiss"]
[EventRounds "5"]
[EventCountry "ITA"]
[SourceTitle "EXT 2022"]
[Source "ChessBase"]
[SourceDate "2021.10.06"]
[SourceVersion "1"]
[SourceVersionDate "2021.10.06"]
[SourceQuality "1"]

1. d4 d5 2. Bf4 Nf6 3. e3 h6 4. Bd3 b6 5. c3 Bb7 6. Nf3 e6 7. Nbd2 Be7 8. Ne5 0-0 9. Qf3 Nh7 10. g4 Ng5 11. Qg2 Bd6 12. h4 Ne4 13. Nxe4 dxe4 14. Bxe4 Bxe4 15. Qxe4 Nd7 16. Nc6 Nf6 17. Qf3 Qd7 18. g5 Nd5 19. Ne5 Bxe5 20. Bxe5 f6 21. gxf6 Nxf6 22. Bxf6 gxf6 23. Rg1+ Kh7 24. 0-0-0 Qd5 25. Qg3 Rg8 26. Qxc7+ Kh8 27. Qf4 Kh7 28. Qxf6 Qxa2 29. Qf7+ Kh8 30. Rg6 Qa1+ 31. Kc2 Qa4+ 32. Kd2 Rxg6 33. Qxg6 Qc6 34. Qxh6+ Kg8 35. Rg1+ Kf7 36. Rg7+ 1-0

[Event "Chioggia op 1st"]
[Site "Chioggia"]
[Date "2006.02.05"]
[Round "5"]
[White "Boscolo, Giampaolo"]
[Black "Bellemo, Davide"]
[Result "0-1"]
[WhiteElo "1700"]
[BlackElo "2117"]
[PlyCount "94"]
[EventDate "2006.01.28"]
[EventType "swiss"]
[EventRounds "6"]
[EventCountry "ITA"]
[SourceTitle "EXT 2022"]
[Source "ChessBase"]
[SourceDate "2021.10.06"]
[SourceVersion "1"]
[SourceVersionDate "2021.10.06"]
[SourceQuality "1"]

1. e4 e5 2. Nf3 Nc6 3. Bc4 Bc5 4. 0-0 d6 5. h3 Nf6 6. Nc3 Be6 7. Bb5 a6 8. Bxc6+ bxc6 9. d3 h6 10. a3 0-0 11. Be3 Bb6 12. Na4 Re8 13. c4 Bd7 14. b4 Bxe3 15. fxe3 Qe7 16. c5 Reb8 17. Qd2 a5 18. Rfb1 Rb7 19. cxd6 Qxd6 20. Nc5 Rb5 21. d4 exd4 22. exd4 Qe7 23. Ne5 Be8 24. a4 Rxb4 25. Rxb4 axb4 26. Qxb4 Nxe4 27. Qb7 Rd8 28. Nxe4 Rxd4 29. Nxc6 Qxe4 30. Na5 Qe3+ 31. Kh1 Qc3 32. Nb3 Rb4 33. Qa8 Kf8 34. a5 Rxb3 35. Rd1 Qc6 36. Qd8 Rb2 37. Rg1 Ra2 38. Qd4 Rxa5 39. Qb4+ Qc5 40. Qb8 Rb5 41. Qc8 Qc6 42. Qg4 Qe6 43. Qf4 Rb3 44. Rc1 Qd5 45. Qc4 Rd3 46. Qc2 c5 47. Re1 Bc6 0-1